Pembangunan teknikal : isu alam sekitar dalam pembangunan harta tanah (hutan paya bakau dan tapak pembuangan sampah) :

Bibliographic Details
Corporate Author: Institut Penilaian Negara
Format: Book
Published: Bangi : Institut Penilaian Negara , 2006
Subjects:

MARC

LEADER 00000cam a2200000 7i4500
001 0000017160
005 20061113.0
040 |a INS 
090 0 0 |a CPD51 
110 1 |a Institut Penilaian Negara 
245 1 0 |a Pembangunan teknikal :   |b isu alam sekitar dalam pembangunan harta tanah (hutan paya bakau dan tapak pembuangan sampah) :   |b 30-31 Mac 2006 
260 |a Bangi :   |b Institut Penilaian Negara ,   |c 2006 
300 |a 1 v. (Mukasurat pelbagai) :   |b ill., pic ;   |c 30cm. 
650 0 0 |a Real property   |x Environmental aspects   |z Malaysia 
999 |a CPD0000078   |b BOOK   |c Course Notes   |e Default branch 
999 |a CPD0000079   |b BOOK   |c Course Notes   |e Default branch